000
00299nam a22001337a 4500
008
171010b xxu||||| |||| 00| 0 eng d
020
_a
9780495096368
041
_a
eng
080
_a
316
100
_a
50
101
_a
SOC
245
_a
ESSENTIALS OF SOCIOLOGY
_c
BRINKERHOFF, D.B
942
_2
udc
_c
BK
999
_c
32808
_d
32808